The Libertines lyrics - Statistics

General Stats
  • This quiz has been taken 12 times
  • The average score is 5 of 10
Answer Stats
Hint Answer % Correct
Banging on the window, waking Steve Death on the Stairs
100%
I tried to make you see, but you don‘t want to know What Became of the Likely Lads
82%
I‘ll meet you in the shadows by Rochester Square Fame and Fortune
73%
Those winter nights they‘d walk along the river Iceman
45%
She‘s cleaning the steps in a mean street where no policemen walk the beat Arbeit Macht Frei
36%
She‘s alone with her thoughts in the garden of Eden Mustangs
36%
Let‘s make some money, just enough to get us by Oh Shit
36%
And have you heard the singer said he‘s a dead ringer for a feeling that I used to know Begging
27%
Slash back razor days / The boys not to behave Cyclops
27%
They‘re driving me crazy, I‘m climbing the walls Road to Ruin
9%
No matching quizzes found
Score Distribution
Percent of People with Each Score
Percentile by Number Answered
Your Score History
You have not taken this quiz